| 000 | 00714 am a2200205 4500 | ||
|---|---|---|---|
| 003 | IeDuTC | ||
| 005 | 20181127162633.0 | ||
| 008 | 800104s1979 enkc 000 1 eng | ||
| 020 | _a9780140624281 | ||
| 100 | 1 |
_aBronte, Anne, _d1820-1849. |
|
| 245 | 1 | 4 |
_aThe tenant of Wildfell Hall / _cAnne Bronte. |
| 260 |
_aLondon, England : _bPenguin Books, _c1994. |
||
| 300 |
_a511 p. : _c18 cm. |
||
| 440 | 0 | _aPenguin popular classics. | |
| 650 |
_aAlcoholics _vFiction. _x _y _z _2 |
||
| 650 |
_aMarried women _vFiction. _x _y _z _2 |
||
| 650 | 0 | _aLandlord and tenant --Fiction. | |
| 651 |
_aEngland _vFiction. _x _y _z _2 |
||
| 856 |
_a _uhttp://www2.hn.psu.edu/faculty/jmanis/bronte/Tenant-Wildfell.pdf _yThe tenant of Wildfell Hall _z _3 |
||
| 999 |
_c751 _d751 |
||